000 00456nam a22001697a 4500
005 20251108172352.0
008 250721s1989 xx 000 0 ara d
082 1 4 _a301.42/عصا
100 1 _aنمر، عصام
245 1 0 _aالطفل و الأسرة و المجتمع /
264 1 _aعمان :
_bدار الفكر،
_c1989.
300 _a148ص
650 1 7 _aالأسرة
700 1 _aسمارة، عزيز
942 _2ddc
_cBK
999 _c77453
_d77453